[Event "GER-ch Youth U12 2019"]
[Site "Willingen"]
[Date "2019.06.14"]
[Round "8.2"]
[White "Bakiev, Diyor"]
[Black "Kluehs, Gustaf"]
[Result "1/2-1/2"]
[WhiteElo "2123"]
[BlackElo "1705"]
[Annotator "NA"]
[PlyCount "51"]
[EventDate "2019.06.07"]
[EventType "swiss"]
[EventRounds "9"]
[EventCountry "GER"]
[SourceTitle "playchess.com"]
[Source "ChessBase"]
[SourceQuality "1"]
[TimeControl "40/4500+30:900+30"]

1. e4 {[%emt 0:00:00]} e6 {[%emt 0:00:00]} 2. d4 {[%emt 0:00:00]} d5 {[%emt 0:00:00]} 3. e5 {[%emt 0:00:00]} c5 {[%emt 0:00:00]} 4. c3 {[%emt 0:00:00]} Nc6 {[%emt 0:00:00]} 5. Nf3 {[%emt 0:00:00]} Bd7 {[%emt 0:00:00]} 6. Be2 {[%emt 0:00:00]} Nge7 {[%emt 0:00:00]} 7. Na3 {[%emt 0:00:00]} Ng6 {[%emt 0:00:00]} 8. Nc2 {[%emt 0:00:00]} cxd4 {[%emt 0:00:00]} 9. cxd4 {[%emt 0:00:00]} Be7 {[%emt 0:00:00]} 10. O-O {[%emt 0:00:00]} O-O {[%emt 0:00:00]} 11. Bd3 {[%emt 0:00:00]} f5 {[%emt 0:00:00]} 12. exf6 {[%emt 0:00:00]} Bxf6 {[%emt 0:00:00]} 13. Bxg6 {[%emt 0:00:00]} hxg6 {[%emt 0:00:00]} 14. Qd3 {[%emt 0:00:00]} Be8 {[%emt 0:00:00]} 15. Re1 {[%emt 0:00:00]} Bf7 {[%emt 0:00:00]} 16. Bf4 {[%emt 0:00:00]} g5 {[%emt 0:10:04]} 17. Bg3 {[%emt 0:02:57]} g4 {[%emt 0:02:50]} 18. Ne5 {[%emt 0:00:34]} Nxe5 {[%emt 0:00:09]} 19. Bxe5 {[%emt 0:00:31]} Rc8 {[%emt 0:05:12]} 20. Rac1 {[%emt 0:07:52]} Bxe5 {[%emt 0:04:28]} 21. Rxe5 {[%emt 0:01:28]} Qf6 {[%emt 0:00:07]} 22. Qe3 {[%emt 0:27:35]} Rc6 {[%emt 0:05:54]} 23. Ne1 {[%emt 0:02:09]} Rxc1 {[%emt 0:00:31]} 24. Qxc1 {[%emt 0:00:02]} Bg6 {[%emt 0:02:06]} 25. Qe3 {[%emt 0:04:10]} Be4 {[%emt 0:01:32]} 26. f3 {[%emt 0:10:59] normal} 1/2-1/2

[Event "GER-ch Youth U12 2019"]
[Site "Willingen"]
[Date "2019.06.14"]
[Round "8.3"]
[White "Metzdorf, Matteo"]
[Black "Sosa Costa, Leonardo"]
[Result "0-1"]
[WhiteElo "1859"]
[BlackElo "1945"]
[Annotator "NA"]
[PlyCount "61"]
[EventDate "2019.06.07"]
[EventType "swiss"]
[EventRounds "9"]
[EventCountry "GER"]
[SourceTitle "playchess.com"]
[Source "ChessBase"]
[SourceQuality "1"]
[TimeControl "40/4500+30:900+30"]

1. e4 {[%emt 0:00:00]} e5 {[%emt 0:00:00]} 2. Nf3 {[%emt 0:00:00]} Nc6 {[%emt 0:00:00]} 3. Bb5 {[%emt 0:00:00]} a6 {[%emt 0:00:00]} 4. Ba4 {[%emt 0:00:00]} Nf6 {[%emt 0:00:00]} 5. O-O {[%emt 0:00:00]} b5 {[%emt 0:00:00]} 6. Bb3 {[%emt 0:00:00]} Bc5 {[%emt 0:00:00]} 7. d3 {[%emt 0:00:00]} d6 {[%emt 0:00:00]} 8. c3 {[%emt 0:00:00]} h6 {[%emt 0:00:00]} 9. Re1 {[%emt 0:00:00]} Bb6 {[%emt 0:00:00]} 10. Nbd2 {[%emt 0:12:37]} O-O {[%emt 0:00:00]} 11. Nf1 {[%emt 0:04:28]} Ne7 {[%emt 0:00:00]} 12. Ng3 {[%emt 0:08:43]} Ng6 {[%emt 0:05:02]} 13. a4 {[%emt 0:03:20]} Bd7 {[%emt 0:07:39]} 14. h3 {[%emt 0:07:58]} c5 {[%emt 0:13:25]} 15. d4 {[%emt 0:11:24]} Rb8 {[%emt 0:10:25]} 16. Be3 {[%emt 0:18:18]} Re8 {[%emt 0:05:12]} 17. dxc5 {[%emt 0:05:29]} dxc5 {[%emt 0:05:04]} 18. a5 {[%emt 0:01:15]} Bxa5 {[%emt 0:13:23]} 19. Bxc5 {[%emt 0:00:32]} Bb6 {[%emt 0:01:35]} 20. Bd6 {[%emt 0:01:45]} Ra8 {[%emt 0:00:40]} 21. Qd2 {[%emt 0:01:41]} Qc8 {[%emt 0:04:38]} 22. Kh2 {[%emt 0:02:11]} Qb7 {[%emt 0:04:13]} 23. Rad1 {[%emt 0:01:01]} Rad8 {[%emt 0:00:38]} 24. Qc2 {[%emt 0:02:12]} Bc6 {[%emt 0:01:03]} 25. Qb1 {[%emt 0:01:04]} Bxf2 {[%emt 0:01:02]} 26. Nf5 {[%emt 0:03:13]} Bxe1 {[%emt 0:01:16]} 27. Rxe1 {[%emt 0:00:13]} Bxe4 {[%emt 0:00:27]} 28. Bc2 {[%emt 0:00:36]} Bxf5 {[%emt 0:01:12]} 29. Bxf5 {[%emt 0:00:33]} Rxd6 {[%emt 0:00:06]} 30. Bxg6 {[%emt 0:00:37]} fxg6 {[%emt 0:00:48]} 31. Qxg6 {[%emt 0:00:27] normal} 0-1

[Event "GER-ch Youth U12 2019"]
[Site "Willingen"]
[Date "2019.06.14"]
[Round "8.4"]
[White "Stork, Christopher"]
[Black "Reichmann, Felix"]
[Result "1/2-1/2"]
[WhiteElo "1817"]
[BlackElo "1725"]
[Annotator "NA"]
[PlyCount "48"]
[EventDate "2019.06.07"]
[EventType "swiss"]
[EventRounds "9"]
[EventCountry "GER"]
[SourceTitle "playchess.com"]
[Source "ChessBase"]
[SourceQuality "1"]
[TimeControl "40/4500+30:900+30"]

1. e4 {[%emt 0:00:00]} c5 {[%emt 0:00:00]} 2. Nf3 {[%emt 0:00:00]} g6 {[%emt 0:00:00]} 3. d4 {[%emt 0:00:00]} cxd4 {[%emt 0:00:00]} 4. Nxd4 {[%emt 0:00:00]} Bg7 {[%emt 0:00:00]} 5. Nc3 {[%emt 0:00:00]} Nc6 {[%emt 0:00:00]} 6. Be3 {[%emt 0:00:00]} Nf6 {[%emt 0:00:00]} 7. Bc4 {[%emt 0:00:00]} O-O {[%emt 0:00:00]} 8. Bb3 {[%emt 0:00:00]} Qa5 {[%emt 0:00:00]} 9. O-O {[%emt 0:00:00]} d6 {[%emt 0:00:00]} 10. h3 {[%emt 0:00:00]} Bd7 {[%emt 0:00:00]} 11. f4 {[%emt 0:00:00]} Rac8 {[%emt 0:00:00]} 12. a3 {[%emt 0:06:25]} a6 {[%emt 0:00:00]} 13. Nd5 {[%emt 0:02:06]} Nxd5 {[%emt 0:02:01]} 14. exd5 {[%emt 0:00:26]} Nxd4 {[%emt 0:00:17]} 15. Bxd4 {[%emt 0:00:09]} Bxd4+ {[%emt 0:06:21]} 16. Qxd4 {[%emt 0:00:08]} Bf5 {[%emt 0:02:26]} 17. Rf2 {[%emt 0:02:52]} Qc5 {[%emt 0:08:46]} 18. Qxc5 {[%emt 0:01:18]} Rxc5 {[%emt 0:01:01]} 19. Re2 {[%emt 0:00:41]} Re8 {[%emt 0:00:21]} 20. g4 {[%emt 0:00:12]} Bd7 {[%emt 0:00:09]} 21. Rae1 {[%emt 0:00:19]} Kf8 {[%emt 0:00:18]} 22. Kf2 {[%emt 0:00:45]} Bb5 {[%emt 0:04:15]} 23. Re4 {[%emt 0:00:49]} Bd7 {[%emt 0:00:33]} 24. Kg3 {[%emt 0:00:19]} a5 {[%emt 0:05:42] normal} 1/2-1/2

[Event "GER-ch Youth U12 2019"]
[Site "Willingen"]
[Date "2019.06.14"]
[Round "8.5"]
[White "von Mettenheim, Johannes"]
[Black "Ohler, Julius"]
[Result "1-0"]
[WhiteElo "1757"]
[BlackElo "1837"]
[Annotator "NA"]
[PlyCount "117"]
[EventDate "2019.06.07"]
[EventType "swiss"]
[EventRounds "9"]
[EventCountry "GER"]
[SourceTitle "playchess.com"]
[Source "ChessBase"]
[SourceQuality "1"]
[TimeControl "40/4500+30:900+30"]

1. d4 {[%emt 0:00:00]} d5 {[%emt 0:00:00]} 2. c4 {[%emt 0:00:00]} e6 {[%emt 0:00:00]} 3. Nc3 {[%emt 0:00:00]} Nf6 {[%emt 0:00:00]} 4. Bg5 {[%emt 0:00:00]} Be7 {[%emt 0:00:00]} 5. e3 {[%emt 0:00:00]} h6 {[%emt 0:00:00]} 6. Bh4 {[%emt 0:00:00]} O-O {[%emt 0:00:00]} 7. Nf3 {[%emt 0:00:00]} Nbd7 {[%emt 0:00:00]} 8. Rc1 {[%emt 0:00:00]} a6 {[%emt 0:00:00]} 9. Ne5 {[%emt 0:00:00]} dxc4 {[%emt 0:00:00]} 10. Nxc4 {[%emt 0:00:00]} Nd5 {[%emt 0:00:00]} 11. Bxe7 {[%emt 0:00:00]} Qxe7 {[%emt 0:00:00]} 12. Be2 {[%emt 0:00:00]} Nxc3 {[%emt 0:07:38]} 13. bxc3 {[%emt 0:00:00]} e5 {[%emt 0:06:54]} 14. O-O {[%emt 0:00:00]} exd4 {[%emt 0:01:10]} 15. cxd4 {[%emt 0:00:00]} c5 {[%emt 0:06:51]} 16. dxc5 {[%emt 0:00:41]} Nxc5 {[%emt 0:01:37]} 17. Nb6 {[%emt 0:01:03]} Rb8 {[%emt 0:00:54]} 18. Qc2 {[%emt 0:00:42]} Ne6 {[%emt 0:02:09]} 19. Nxc8 {[%emt 0:03:15]} Rbxc8 {[%emt 0:00:23]} 20. Qxc8 {[%emt 0:00:02]} Rxc8 {[%emt 0:00:07]} 21. Rxc8+ {[%emt 0:00:01]} Kh7 {[%emt 0:00:08]} 22. Rb1 {[%emt 0:04:11]} Qd7 {[%emt 0:01:08]} 23. Rc2 {[%emt 0:01:00]} Qa4 {[%emt 0:04:06]} 24. Bd3+ {[%emt 0:00:26]} g6 {[%emt 0:02:52]} 25. Rxb7 {[%emt 0:00:18]} Kg7 {[%emt 0:00:09]} 26. Rb6 {[%emt 0:08:14]} a5 {[%emt 0:01:02]} 27. Rb3 {[%emt 0:00:07]} Qg4 {[%emt 0:01:12]} 28. f3 {[%emt 0:01:15]} Qg5 {[%emt 0:00:44]} 29. f4 {[%emt 0:05:26]} Qd5 {[%emt 0:01:21]} 30. Be2 {[%emt 0:03:56]} g5 {[%emt 0:10:01]} 31. fxg5 {[%emt 0:04:56]} hxg5 {[%emt 0:01:24]} 32. Bf3 {[%emt 0:02:15]} Qe5 {[%emt 0:01:19]} 33. h3 {[%emt 0:08:22]} a4 {[%emt 0:08:19]} 34. Rbc3 {[%emt 0:01:34]} f5 {[%emt 0:04:59]} 35. Kf2 {[%emt 0:01:54]} f4 {[%emt 0:02:16]} 36. Bg4 {[%emt 0:03:46]} fxe3+ {[%emt 0:03:10]} 37. Rxe3 {[%emt 0:00:17]} Qf4+ {[%emt 0:00:06]} 38. Bf3 {[%emt 0:00:31]} Nd4 {[%emt 0:02:49]} 39. Rc4 {[%emt 0:00:52]} Qf6 {[%emt 0:00:42]} 40. Rxa4 {[%emt 0:01:08]} Nxf3 {[%emt 0:00:12]} 41. Rxf3 {[%emt 0:15:22]} Qd6 {[%emt 0:17:55]} 42. Rg4 {[%emt 0:02:56]} Qc5+ {[%emt 0:03:05]} 43. Re3 {[%emt 0:02:16]} Qc2+ {[%emt 0:03:31]} 44. Re2 {[%emt 0:00:53]} Qc5+ {[%emt 0:00:27]} 45. Kf1 {[%emt 0:00:14]} Qf5+ {[%emt 0:01:51]} 46. Kg1 {[%emt 0:00:14]} Qb1+ {[%emt 0:01:16]} 47. Kh2 {[%emt 0:00:08]} Qb8+ {[%emt 0:00:14]} 48. Rg3 {[%emt 0:00:07]} Kg6 {[%emt 0:02:03]} 49. Re4 {[%emt 0:00:36]} Qa8 {[%emt 0:00:48]} 50. Reg4 {[%emt 0:00:10]} Qxa2 {[%emt 0:00:20]} 51. Rxg5+ {[%emt 0:00:02]} Kf6 {[%emt 0:00:57]} 52. R5g4 {[%emt 0:02:16]} Qd2 {[%emt 0:01:25]} 53. Rf3+ {[%emt 0:00:52]} Ke5 {[%emt 0:00:40]} 54. h4 {[%emt 0:00:43]} Qe1 {[%emt 0:00:35]} 55. h5 {[%emt 0:00:49]} Qd2 {[%emt 0:00:27]} 56. Rgf4 {[%emt 0:01:00]} Qd6 {[%emt 0:01:10]} 57. Rf6 {[%emt 0:00:49]} Qd2 {[%emt 0:00:35]} 58. h6 {[%emt 0:00:15]} Qe1 {[%emt 0:00:31]} 59. h7 {[%emt 0:00:16] normal} 1-0

[Event "GER-ch Youth U12 2019"]
[Site "Willingen"]
[Date "2019.06.14"]
[Round "8.6"]
[White "Fuchs, Florian"]
[Black "Freude, Max"]
[Result "1-0"]
[WhiteElo "2235"]
[BlackElo "1707"]
[Annotator "NA"]
[PlyCount "61"]
[EventDate "2019.06.07"]
[EventType "swiss"]
[EventRounds "9"]
[EventCountry "GER"]
[SourceTitle "playchess.com"]
[Source "ChessBase"]
[SourceQuality "1"]
[TimeControl "40/4500+30:900+30"]

1. e4 {[%emt 0:00:00]} e5 {[%emt 0:00:00]} 2. Nf3 {[%emt 0:00:00]} Nf6 {[%emt 0:00:00]} 3. Nxe5 {[%emt 0:00:00]} d6 {[%emt 0:00:00]} 4. Nc4 {[%emt 0:00:00]} Nxe4 {[%emt 0:00:00]} 5. Qe2 {[%emt 0:00:00]} Qe7 {[%emt 0:00:00]} 6. Ne3 {[%emt 0:00:00]} c6 {[%emt 0:00:00]} 7. c4 {[%emt 0:00:00]} g6 {[%emt 0:00:04]} 8. g3 {[%emt 0:00:00]} Bg7 {[%emt 0:01:46]} 9. Bg2 {[%emt 0:00:00]} Nf6 {[%emt 0:02:37]} 10. Nc3 {[%emt 0:00:00]} O-O {[%emt 0:02:01]} 11. O-O {[%emt 0:00:00]} Na6 {[%emt 0:02:53]} 12. d4 {[%emt 0:00:27]} Nc7 {[%emt 0:02:03]} 13. Rd1 {[%emt 0:03:00]} Re8 {[%emt 0:01:55]} 14. b3 {[%emt 0:03:25]} Bd7 {[%emt 0:02:00]} 15. Bb2 {[%emt 0:01:35]} Ng4 {[%emt 0:03:18]} 16. Ne4 {[%emt 0:10:32]} Nxe3 {[%emt 0:02:24]} 17. Qxe3 {[%emt 0:11:46]} f5 {[%emt 0:02:04]} 18. Ng5 {[%emt 0:02:22]} Qxe3 {[%emt 0:01:04]} 19. fxe3 {[%emt 0:00:07]} Rxe3 {[%emt 0:02:55]} 20. Bc1 {[%emt 0:01:52]} Re7 {[%emt 0:09:24]} 21. Ba3 {[%emt 0:02:13]} c5 {[%emt 0:04:52]} 22. dxc5 {[%emt 0:01:03]} Bxa1 {[%emt 0:01:14]} 23. cxd6 {[%emt 0:01:43]} Rg7 {[%emt 0:11:56]} 24. Rxa1 {[%emt 0:00:47]} Bc6 {[%emt 0:08:56]} 25. dxc7 {[%emt 0:08:56]} Bxg2 {[%emt 0:00:45]} 26. Ne6 {[%emt 0:02:42]} Rd7 {[%emt 0:05:42]} 27. Kxg2 {[%emt 0:00:34]} Re8 {[%emt 0:01:00]} 28. Kh3 {[%emt 0:04:43]} Rc8 {[%emt 0:03:11]} 29. Re1 {[%emt 0:03:41]} Rd2 {[%emt 0:02:44]} 30. Nd8 {[%emt 0:07:48]} h5 {[%emt 0:02:55]} 31. Re8+ {[%emt 0:00:55] normal} 1-0

[Event "GER-ch Youth U12 2019"]
[Site "Willingen"]
[Date "2019.06.14"]
[Round "8.7"]
[White "Deuer, Marius"]
[Black "Bock, Marlon"]
[Result "1/2-1/2"]
[WhiteElo "1961"]
[BlackElo "1596"]
[Annotator "NA"]
[PlyCount "120"]
[EventDate "2019.06.07"]
[EventType "swiss"]
[EventRounds "9"]
[EventCountry "GER"]
[SourceTitle "playchess.com"]
[Source "ChessBase"]
[SourceQuality "1"]
[TimeControl "40/4500+30:900+30"]

1. e4 {[%emt 0:00:00]} e5 {[%emt 0:00:00]} 2. Nf3 {[%emt 0:00:00]} Nc6 {[%emt 0:00:00]} 3. Bb5 {[%emt 0:00:00]} a6 {[%emt 0:00:00]} 4. Ba4 {[%emt 0:00:00]} Nf6 {[%emt 0:00:00]} 5. O-O {[%emt 0:00:00]} Be7 {[%emt 0:00:00]} 6. Re1 {[%emt 0:00:00]} b5 {[%emt 0:00:00]} 7. Bb3 {[%emt 0:00:00]} O-O {[%emt 0:00:00]} 8. a4 {[%emt 0:00:00]} Bb7 {[%emt 0:00:00]} 9. d3 {[%emt 0:00:00]} d6 {[%emt 0:00:00]} 10. Nbd2 {[%emt 0:00:00]} Re8 {[%emt 0:00:00]} 11. Nf1 {[%emt 0:00:00]} Bf8 {[%emt 0:00:00]} 12. Ng5 {[%emt 0:00:00]} Re7 {[%emt 0:01:10]} 13. Ng3 {[%emt 0:00:01]} g6 {[%emt 0:06:27]} 14. c3 {[%emt 0:05:34]} h6 {[%emt 0:02:58]} 15. Nf3 Nb8 {[%emt 0:03:50]} 16. h3 {[%emt 0:05:57]} Nbd7 {[%emt 0:03:59]} 17. Nh2 {[%emt 0:03:15]} c5 {[%emt 0:06:41]} 18. Ng4 {[%emt 0:04:36]} Kh7 {[%emt 0:06:19]} 19. Nxf6+ {[%emt 0:04:46]} Nxf6 {[%emt 0:01:46]} 20. f4 {[%emt 0:01:04]} Qc7 {[%emt 0:03:12]} 21. f5 {[%emt 0:04:45]} c4 {[%emt 0:01:44]} 22. fxg6+ fxg6 {[%emt 0:00:06]} 23. Bc2 {[%emt 0:06:49]} Rd8 {[%emt 0:03:43]} 24. axb5 {[%emt 0:09:02]} axb5 {[%emt 0:03:07]} 25. Qe2 {[%emt 0:06:47]} d5 {[%emt 0:05:30]} 26. dxc4 {[%emt 0:04:06]} dxc4 {[%emt 0:02:20]} 27. Be3 {[%emt 0:02:22]} Red7 {[%emt 0:01:40]} 28. Qf2 {[%emt 0:01:02]} Rd6 {[%emt 0:07:08]} 29. Ra3 {[%emt 0:05:54]} Ng8 {[%emt 0:03:12]} 30. b4 {[%emt 0:04:12]} Rf6 {[%emt 0:01:53]} 31. Qe2 {[%emt 0:00:22]} Ra8 {[%emt 0:02:25]} 32. Rxa8 {[%emt 0:02:10]} Bxa8 {[%emt 0:00:02]} 33. Ra1 {[%emt 0:01:31]} Bb7 {[%emt 0:00:05]} 34. Ra5 {[%emt 0:01:36]} Ba6 {[%emt 0:03:28]} 35. h4 {[%emt 0:02:46]} Be7 {[%emt 0:06:44]} 36. Ra1 {[%emt 0:03:05]} h5 {[%emt 0:01:49]} 37. Nf1 {[%emt 0:02:45]} Rc6 {[%emt 0:01:30]} 38. Bf2 {[%emt 0:00:37]} Bc8 {[%emt 0:00:40]} 39. Ra7 {[%emt 0:00:53]} Bb7 {[%emt 0:01:41]} 40. Ne3 {[%emt 0:00:37]} Ra6 {[%emt 0:00:09]} 41. Nd5 {[%emt 0:16:06]} Qb8 {[%emt 0:16:22]} 42. Rxa6 {[%emt 0:02:29]} Bxa6 {[%emt 0:00:04]} 43. Nxe7 {[%emt 0:01:18]} Nxe7 {[%emt 0:00:01]} 44. Qd2 {[%emt 0:00:20]} Qc7 {[%emt 0:00:50]} 45. Bc5 {[%emt 0:04:11]} Bc8 {[%emt 0:01:17]} 46. Qg5 {[%emt 0:00:00]} Ng8 {[%emt 0:00:00]} 47. Bf2 {[%emt 0:00:00]} Ne7 {[%emt 0:00:00]} 48. Qf6 {[%emt 0:00:00]} Ng8 {[%emt 0:00:00]} 49. Qf8 {[%emt 0:00:00]} Bg4 {[%emt 0:00:00]} 50. Bg3 {[%emt 0:00:00]} Nh6 {[%emt 0:00:00]} 51. Qe8 {[%emt 0:00:00]} Qa7+ {[%emt 0:00:00]} 52. Kh1 {[%emt 0:00:00]} Qa1+ {[%emt 0:00:00]} 53. Kh2 {[%emt 0:00:00]} Be6 {[%emt 0:00:00]} 54. Qe7+ {[%emt 0:00:00]} Bf7 {[%emt 0:00:00]} 55. Kh3 {[%emt 0:00:00]} Qh1+ {[%emt 0:00:00]} 56. Bh2 {[%emt 0:00:00]} Ng4 {[%emt 0:00:00]} 57. Qxf7+ {[%emt 0:00:30]} Kh8 {[%emt 0:00:00]} 58. Qe8+ {[%emt 0:01:59]} Kh7 {[%emt 0:00:00]} 59. Qe7+ {[%emt 0:00:59]} Kh8 {[%emt 0:00:00]} 60. Qd8+ {[%emt 0:00:40]} Kh7 {[%emt 0:00:00] unterminated} 1/2-1/2

[Event "GER-ch Youth U12 2019"]
[Site "Willingen"]
[Date "2019.06.14"]
[Round "8.8"]
[White "Hagner, Bennet"]
[Black "Zweigait, Leon"]
[Result "1-0"]
[WhiteElo "1900"]
[BlackElo "1474"]
[Annotator "NA"]
[PlyCount "63"]
[EventDate "2019.06.07"]
[EventType "swiss"]
[EventRounds "9"]
[EventCountry "GER"]
[SourceTitle "playchess.com"]
[Source "ChessBase"]
[SourceQuality "1"]
[TimeControl "40/4500+30:900+30"]

1. e4 {[%emt 0:00:00]} c5 {[%emt 0:00:00]} 2. Nf3 {[%emt 0:00:00]} e6 {[%emt 0:00:00]} 3. d4 {[%emt 0:00:00]} cxd4 {[%emt 0:00:00]} 4. Nxd4 {[%emt 0:00:00]} Nf6 {[%emt 0:00:00]} 5. Nc3 {[%emt 0:00:00]} Nc6 {[%emt 0:00:00]} 6. Ndb5 {[%emt 0:00:00]} Bc5 {[%emt 0:00:00]} 7. Bf4 {[%emt 0:00:00]} O-O {[%emt 0:00:00]} 8. Bc7 {[%emt 0:00:00]} Qe7 {[%emt 0:00:00]} 9. Bd6 {[%emt 0:00:00]} Bxd6 {[%emt 0:00:00]} 10. Qxd6 {[%emt 0:00:00]} Ne8 {[%emt 0:00:00]} 11. Qxe7 {[%emt 0:00:00]} Nxe7 {[%emt 0:00:00]} 12. O-O-O {[%emt 0:00:00]} f5 {[%emt 0:00:00]} 13. Nd6 {[%emt 0:06:18]} Nxd6 {[%emt 0:00:00]} 14. Rxd6 {[%emt 0:00:00]} fxe4 {[%emt 0:00:00]} 15. Nxe4 {[%emt 0:00:00]} Nf5 {[%emt 0:00:00]} 16. Rd2 {[%emt 0:00:25]} d5 {[%emt 0:00:00]} 17. Ng3 {[%emt 0:01:16]} Nxg3 {[%emt 0:00:00]} 18. hxg3 {[%emt 0:00:16]} Bd7 {[%emt 0:00:00]} 19. Bd3 {[%emt 0:01:41]} h6 {[%emt 0:00:00]} 20. f4 {[%emt 0:00:47]} Rad8 {[%emt 0:00:00]} 21. Rh5 {[%emt 0:05:14]} Kf7 {[%emt 0:00:00]} 22. Re5 {[%emt 0:00:45]} Kf6 {[%emt 0:00:00]} 23. Rde2 {[%emt 0:02:53]} Bc8 {[%emt 0:00:00]} 24. Kd2 {[%emt 0:03:33]} Rd6 {[%emt 0:00:00]} 25. c3 {[%emt 0:01:28]} Bd7 {[%emt 0:00:00]} 26. Ke3 {[%emt 0:01:21]} Rc8 {[%emt 0:00:00]} 27. Kd4 {[%emt 0:00:55]} a6 {[%emt 0:00:00]} 28. g4 {[%emt 0:01:00]} Bb5 {[%emt 0:00:00]} 29. f5 {[%emt 0:02:16]} Rcc6 {[%emt 0:00:00]} 30. fxe6 {[%emt 0:05:05]} Rxe6 {[%emt 0:00:00] normal} 31. Rxe6+ {[%emt 0:15:09]} Rxe6 {[%emt 0:00:00]} 32. Rxe6+ {[%emt 0:00:05] normal} 1-0

[Event "GER-ch Youth U12 2019"]
[Site "Willingen"]
[Date "2019.06.14"]
[Round "8.9"]
[White "Heinrich, John"]
[Black "Hecht, Jonas Christian"]
[Result "1/2-1/2"]
[WhiteElo "1695"]
[BlackElo "1726"]
[Annotator "NA"]
[PlyCount "52"]
[EventDate "2019.06.07"]
[EventType "swiss"]
[EventRounds "9"]
[EventCountry "GER"]
[SourceTitle "playchess.com"]
[Source "ChessBase"]
[SourceQuality "1"]
[TimeControl "40/4500+30:900+30"]

1. e4 {[%emt 0:00:00]} e5 {[%emt 0:00:00]} 2. Nf3 {[%emt 0:00:00]} Nf6 {[%emt 0:00:00]} 3. d4 {[%emt 0:00:00]} Nxe4 {[%emt 0:00:00]} 4. Bd3 {[%emt 0:00:00]} d5 {[%emt 0:00:00]} 5. Nxe5 {[%emt 0:00:00]} Bd6 {[%emt 0:00:00]} 6. O-O {[%emt 0:00:00]} O-O {[%emt 0:00:00]} 7. c4 {[%emt 0:00:00]} c6 {[%emt 0:00:00]} 8. Nc3 {[%emt 0:02:47]} Nxc3 {[%emt 0:00:00]} 9. bxc3 {[%emt 0:01:03]} Nd7 {[%emt 0:00:00]} 10. f4 {[%emt 0:07:31]} Qe7 {[%emt 0:03:13]} 11. cxd5 {[%emt 0:13:10]} cxd5 {[%emt 0:01:47]} 12. Qf3 {[%emt 0:04:16]} Nf6 {[%emt 0:01:05]} 13. Bd2 {[%emt 0:01:34]} Re8 {[%emt 0:05:22]} 14. Be1 {[%emt 0:05:54]} Qc7 {[%emt 0:08:51]} 15. Rc1 {[%emt 0:07:44]} Ne4 {[%emt 0:05:30]} 16. c4 f6 {[%emt 0:10:06]} 17. Ng4 {[%emt 0:06:55]} Bxg4 {[%emt 0:04:32]} 18. Qxg4 {[%emt 0:00:18]} Kh8 {[%emt 0:01:58]} 19. Rc2 {[%emt 0:06:51]} Qf7 {[%emt 0:01:57]} 20. Qf5 {[%emt 0:01:38]} Rac8 {[%emt 0:04:24]} 21. Qxd5 Qxd5 {[%emt 0:00:20]} 22. cxd5 {[%emt 0:01:58]} f5 {[%emt 0:01:34]} 23. Bg3 {[%emt 0:03:56]} Rxc2 {[%emt 0:00:43]} 24. Bxc2 {[%emt 0:00:19]} Nc3 {[%emt 0:08:37]} 25. Re1 {[%emt 0:11:00]} Rxe1+ {[%emt 0:01:51]} 26. Bxe1 {[%emt 0:00:05]} Nxa2 {[%emt 0:06:52] normal} 1/2-1/2

[Event "GER-ch Youth U12 2019"]
[Site "Willingen"]
[Date "2019.06.14"]
[Round "8.10"]
[White "Tomasjan, Samuel"]
[Black "Breitkopf-Lazar, Patrick-Robert"]
[Result "0-1"]
[WhiteElo "1476"]
[BlackElo "1659"]
[Annotator "NA"]
[PlyCount "69"]
[EventDate "2019.06.07"]
[EventType "swiss"]
[EventRounds "9"]
[EventCountry "GER"]
[SourceTitle "playchess.com"]
[Source "ChessBase"]
[SourceQuality "1"]
[TimeControl "40/4500+30:900+30"]

1. e4 {[%emt 0:00:00]} e5 {[%emt 0:00:00]} 2. Nf3 {[%emt 0:00:00]} Nc6 {[%emt 0:00:00]} 3. Bc4 {[%emt 0:00:00]} Nf6 {[%emt 0:00:00]} 4. Ng5 {[%emt 0:00:00]} d5 {[%emt 0:00:00]} 5. exd5 {[%emt 0:00:00]} Na5 {[%emt 0:00:00]} 6. Bb5+ {[%emt 0:00:00]} c6 {[%emt 0:00:00]} 7. dxc6 {[%emt 0:00:00]} bxc6 {[%emt 0:00:00]} 8. Qf3 {[%emt 0:00:00]} Be7 {[%emt 0:00:00]} 9. Bd3 {[%emt 0:00:00]} h6 {[%emt 0:00:00]} 10. Ne4 {[%emt 0:00:00]} Nd5 {[%emt 0:00:00]} 11. Ng3 {[%emt 0:07:27]} O-O {[%emt 0:00:00]} 12. O-O {[%emt 0:08:19]} Nb4 {[%emt 0:00:00]} 13. a3 {[%emt 0:13:59]} Nxd3 {[%emt 0:00:00]} 14. cxd3 {[%emt 0:01:33]} Nb3 {[%emt 0:00:00]} 15. Ra2 {[%emt 0:00:36]} Be6 {[%emt 0:00:00]} 16. Nc3 {[%emt 0:00:45]} Nxc1 {[%emt 0:00:00]} 17. Rxc1 {[%emt 0:00:15]} Bxa2 {[%emt 0:00:00]} 18. Nxa2 {[%emt 0:00:01]} Qd5 {[%emt 0:00:00]} 19. Qxd5 {[%emt 0:02:48]} cxd5 {[%emt 0:00:00]} 20. Kf1 {[%emt 0:05:09]} Rac8 {[%emt 0:00:00]} 21. Nf5 {[%emt 0:01:58]} Rxc1+ {[%emt 0:00:00]} 22. Nxc1 {[%emt 0:00:02]} Bf6 {[%emt 0:06:50]} 23. Ne3 {[%emt 0:11:29]} e4 {[%emt 0:14:25]} 24. dxe4 {[%emt 0:01:10]} dxe4 {[%emt 0:04:45]} 25. Nc4 {[%emt 0:00:21]} Rc8 {[%emt 0:01:22]} 26. b3 {[%emt 0:00:20]} a5 {[%emt 0:12:16]} 27. a4 {[%emt 0:01:41]} Be7 {[%emt 0:17:49]} 28. Na2 {[%emt 0:08:04]} Bb4 {[%emt 0:02:18]} 29. Nxb4 {[%emt 0:02:57]} axb4 {[%emt 0:00:05]} 30. Ke2 {[%emt 0:00:40]} Kf8 {[%emt 0:01:03]} 31. f3 {[%emt 0:12:18]} exf3+ {[%emt 0:00:57]} 32. gxf3 {[%emt 0:00:01]} Ke7 {[%emt 0:01:34]} 33. d4 {[%emt 0:00:24]} f5 {[%emt 0:01:52]} 34. Kd3 {[%emt 0:04:54]} g5 {[%emt 0:04:08]} 35. d5 {[%emt 0:01:11] normal} 0-1